[Event "Reykjavik Open 2018"]
[Site "Reykjavik ISL"]
[Date "2018.03.07"]
[Round "3.92"]
[White "Eiriksson, Sigurdur"]
[Black "Briem, Benedikt"]
[Result "1/2-1/2"]
[WhiteElo "1866"]
[BlackElo "1560"]
[WhiteFideId "2302314"]
[BlackFideId "2315432"]
[EventDate "2018.03.06"]

1. d4 e6 2. Bf4 f5 3. e3 Nf6 4. Nf3 Be7 5. c4 O-O 6. Be2 b6 7. Nc3 Bb7 8. O-O
Ne4 9. h3 d6 10. Nd2 Nxd2 11. Qxd2 Qe8 12. Qd1 Nd7 13. Bf3 Bxf3 14. Qxf3 Kh8 15.
Nb5 Qc8 16. Rac1 a6 17. Nc3 Nf6 18. e4 fxe4 19. Nxe4 Nh5 20. Qxh5 Rxf4 21. f3
Qf8 22. Ng5 Bxg5 23. Qxg5 Rxd4 24. Qe3 e5 25. Rcd1 Qf4 26. Qe2 a5 27. Kf2 Rxd1
28. Rxd1 h5 29. Qe3 Qh4+ 30. Kf1 Qf4 31. Qe4 g5 32. Kf2 Kg7 1/2-1/2

[Event "Reykjavik Open 2018"]
[Site "Reykjavik ISL"]
[Date "2018.03.07"]
[Round "3.93"]
[White "Haile, Batel Goitom"]
[Black "Andrason, Pall"]
[Result "0-1"]
[WhiteElo "1361"]
[BlackElo "1858"]
[WhiteFideId "2315190"]
[BlackFideId "2300630"]
[EventDate "2018.03.06"]

1. e4 c5 2. Nf3 g6 3. Be2 Bg7 4. d3 d6 5. c3 Nf6 6. Bg5 Nc6 7. Nbd2 O-O 8. O-O
a6 9. Qc2 Bd7 10. Rac1 Rc8 11. a3 b5 12. Qb1 Qb6 13. b4 cxb4 14. cxb4 Qb7 15.
Nb3 e5 16. Nfd2 Ng4 17. h3 Nh6 18. Be3 f5 19. f4 Nf7 20. Qa2 Be6 21. Bf3 Qd7 22.
fxe5 Ncxe5 23. exf5 Nxf3+ 24. Nxf3 Bxf5 25. Qd2 Be6 26. Rcd1 Bxb3 27. Rb1 Rc2
28. Qe1 Bd5 29. Qd1 Qc6 30. Bd2 Bxf3 31. Rxf3 Ne5 32. Rxf8+ Bxf8 33. Qe2 Bh6 34.
Rd1 Qd5 35. Qf2 Qxd3 36. Rf1 Qxd2 37. Qg3 Rc1 38. Qb3+ Nc4 39. Qf3 Rxf1+ 40.
Qxf1 Qc1 41. Qxc1 Bxc1 42. Kf2 Bxa3 0-1

[Event "Reykjavik Open 2018"]
[Site "Reykjavik ISL"]
[Date "2018.03.07"]
[Round "3.94"]
[White "Agustsson, Hafsteinn"]
[Black "Tsanaclis, Albert"]
[Result "1-0"]
[WhiteElo "1853"]
[BlackElo "1429"]
[WhiteFideId "2302047"]
[BlackFideId "2624834"]
[EventDate "2018.03.06"]

1. e4 c5 2. Nf3 Nc6 3. d4 cxd4 4. Nxd4 g6 5. c4 Nf6 6. Nc3 Nxd4 7. Qxd4 d6 8.
Be2 Bg7 9. Be3 O-O 10. Qd2 a5 11. f3 a4 12. O-O Qa5 13. Rab1 Be6 14. b4 axb3 15.
axb3 Nd7 16. b4 Qd8 17. Nd5 Bxd5 18. exd5 Qc7 19. Bh6 Bxh6 20. Qxh6 Ra2 21. Rfe1
Qb6+ 22. Kh1 Qf2 23. Qh3 Ne5 24. Bf1 Rfa8 25. Qg3 Qxg3 26. hxg3 Kf8 27. c5 Rd2
28. f4 Ng4 29. c6 Rxd5 30. cxb7 Rb8 31. Ba6 Nf6 32. Rbc1 Nd7 33. Rc8+ Kg7 34.
Rec1 Rxb7 35. Bxb7 Rh5+ 36. Kg1 Nf6 37. Bc6 d5 38. b5 Ne4 39. b6 Nxg3 40. Bb5 d4
41. Bd3 1-0

[Event "Reykjavik Open 2018"]
[Site "Reykjavik ISL"]
[Date "2018.03.07"]
[Round "3.95"]
[White "Steinthorsson, Birgir Logi"]
[Black "Mirza, Diana"]
[Result "0-1"]
[BlackTitle "WFM"]
[WhiteElo "1062"]
[BlackElo "1849"]
[WhiteFideId "2312093"]
[BlackFideId "2503999"]
[EventDate "2018.03.06"]

1. d4 Nf6 2. Nf3 g6 3. Bf4 Bg7 4. Nbd2 d6 5. e3 O-O 6. Bc4 Nh5 7. Bg5 c5 8. O-O
h6 9. Bf4 Nxf4 10. exf4 cxd4 11. Nh4 d5 12. Bd3 e5 13. g3 e4 14. Bb5 a6 15. Ba4
Bh3 16. Re1 Nc6 17. Bxc6 bxc6 18. Nb3 Qb6 19. Ng2 c5 20. c3 dxc3 21. Qxd5 cxb2
22. Rab1 Be6 23. Qd2 c4 24. Nd4 Qxd4 25. Qb4 c3 26. Qxd4 Bxd4 27. Ne3 Bxa2 28.
Rbd1 Bxe3 29. fxe3 c2 30. Rc1 b1=Q 31. Rxb1 cxb1=Q 32. Rxb1 Bxb1 0-1

[Event "Reykjavik Open 2018"]
[Site "Reykjavik ISL"]
[Date "2018.03.07"]
[Round "3.96"]
[White "Pedersen, Lars Wisler"]
[Black "Alexandersson, Orn"]
[Result "1-0"]
[WhiteElo "1842"]
[BlackElo "1466"]
[WhiteFideId "1417045"]
[BlackFideId "2315912"]
[EventDate "2018.03.06"]

1. e4 e6 2. d4 d5 3. exd5 exd5 4. Bd3 Bd6 5. Ne2 Ne7 6. Bf4 Nbc6 7. c3 O-O 8.
Qc2 Ng6 9. Bxd6 Qxd6 10. O-O Re8 11. Nd2 Bg4 12. Ng3 Re6 13. f3 Bxf3 14. Nxf3 1-0

[Event "Reykjavik Open 2018"]
[Site "Reykjavik ISL"]
[Date "2018.03.07"]
[Round "3.99"]
[White "Sigurthorsson, Kristinn J"]
[Black "Sigurdsson, Baldur Heidar"]
[Result "1-0"]
[WhiteElo "1744"]
[BlackElo "1540"]
[WhiteFideId "2311585"]
[BlackFideId "2313766"]
[EventDate "2018.03.06"]

1. e4 g6 2. d4 d6 3. Bc4 Nf6 4. Nc3 Bg7 5. Bb3 O-O 6. f3 Nc6 7. Be3 e5 8. Nge2
Na5 9. d5 Nxb3 10. cxb3 c6 11. Bg5 cxd5 12. Nxd5 b6 13. Qd2 Bb7 14. Nec3 Re8 15.
O-O-O Re6 16. Kb1 Qd7 17. Ne3 Bf8 18. Nc4 b5 19. Nxe5 Rxe5 20. Bxf6 Re6 21. Nd5
Bxd5 22. Qxd5 Rc8 23. Bc3 Be7 24. f4 Qc6 25. Rhe1 Qxd5 26. Rxd5 Rc5 27. Rd3 Bf8
28. g4 Bg7 29. Bb4 Rc6 30. f5 gxf5 31. gxf5 Rh6 32. h3 Be5 33. Bc3 f6 34. Rg1+
Kf8 35. Rd2 Rxh3 36. Rdg2 Rg3 37. Rxg3 Bxg3 38. Rxg3 Kf7 39. a3 a6 40. Kc2 Rc5
41. Kd3 Rc6 42. Rh3 Kg7 43. Kd4 1-0

[Event "Reykjavik Open 2018"]
[Site "Reykjavik ISL"]
[Date "2018.03.07"]
[Round "3.100"]
[White "Heidarsson, Arnar"]
[Black "Grymer-Hansen, Soren"]
[Result "1-0"]
[WhiteElo "1557"]
[BlackElo "1706"]
[WhiteFideId "2312875"]
[BlackFideId "1428543"]
[EventDate "2018.03.06"]

1. d4 f5 2. c4 Nf6 3. Nc3 d6 4. g3 g6 5. Bg2 Bg7 6. Nf3 O-O 7. Bd2 Nbd7 8. d5 e5
9. dxe6 Nb6 10. Ng5 c6 11. b3 Nh5 12. Qc2 Qe7 13. O-O Bxe6 14. Nxe6 Qxe6 15.
Rad1 Rad8 16. Be3 Rfe8 17. Bd4 Nf6 18. Rfe1 Qf7 19. e4 fxe4 20. Nxe4 Nc8 21. Ng5
Qd7 22. Bxf6 Bxf6 23. Bh3 Rxe1+ 24. Rxe1 Qg7 25. Ne6 Qe7 26. Re3 Be5 27. Nxd8
Qxd8 28. Bxc8 Qxc8 29. Kg2 Qg4 30. Qe4 Qxe4+ 31. Rxe4 Kf7 32. c5 g5 33. f4 gxf4
34. gxf4 Bf6 35. cxd6 1-0

[Event "Reykjavik Open 2018"]
[Site "Reykjavik ISL"]
[Date "2018.03.07"]
[Round "3.101"]
[White "Jonasson, Hordur"]
[Black "Thorsson, Pall"]
[Result "0-1"]
[WhiteElo "1539"]
[BlackElo "1693"]
[WhiteFideId "2311224"]
[BlackFideId "2304406"]
[EventDate "2018.03.06"]

1. e4 d6 2. d4 g6 3. Nf3 Bg7 4. c3 Nf6 5. Bd3 O-O 6. h3 Nbd7 7. Bg5 c6 8. Qd2
Re8 9. O-O Nf8 10. Bh6 Bh8 11. Re1 e5 12. dxe5 dxe5 13. Bc4 Be6 14. Qxd8 Raxd8
15. Nbd2 N8d7 16. Bxe6 Rxe6 17. Ng5 Re7 18. Nc4 Nc5 19. f3 Nd3 20. Red1 Red7 21.
Rd2 b5 22. Na5 c5 23. h4 Nf4 24. Rxd7 Rxd7 25. Rf1 N6h5 26. Nh3 Nxh3+ 27. gxh3
Nf4 28. Bxf4 exf4 29. h5 gxh5 30. Rf2 Bf6 31. Rc2 Kg7 32. Nb3 Be7 33. c4 Rd1+
34. Kg2 b4 35. Rd2 Rxd2+ 36. Nxd2 Bf6 37. Nb3 Bxb2 38. Nxc5 a5 39. Nd3 Bc3 40.
Nxf4 a4 41. Nd3 b3 42. axb3 axb3 43. c5 b2 44. Nxb2 Bxb2 45. f4 Bd4 46. c6 Bb6
47. e5 Kg6 48. Kf3 Kf5 49. h4 Bd8 0-1

[Event "Reykjavik Open 2018"]
[Site "Reykjavik ISL"]
[Date "2018.03.07"]
[Round "3.102"]
[White "Gudmundsson, Gunnar Erik"]
[Black "Stuart, Brian"]
[Result "1/2-1/2"]
[WhiteElo "1511"]
[BlackElo "1688"]
[WhiteFideId "2314339"]
[BlackFideId "445053"]
[EventDate "2018.03.06"]

1. d4 Nf6 2. c4 g6 3. Nc3 d5 4. cxd5 Nxd5 5. e4 Nxc3 6. bxc3 Bg7 7. Be3 c5 8.
Qd2 O-O 9. Nf3 Nc6 10. d5 Qa5 11. Rc1 Rd8 12. Bd3 Ne5 13. Nxe5 Bxe5 14. O-O e6
15. Be2 exd5 16. exd5 Bf5 17. f4 Bg7 18. g4 Be4 19. Bf3 Rxd5 20. Qb2 Bxf3 21.
Rxf3 Qc7 22. f5 Qd7 23. Qc2 Rd8 24. Kg2 Qc6 25. Rcf1 Rd3 26. Qf2 b6 27. Kg1 Rd1
28. f6 Rxf1+ 29. Qxf1 Bf8 30. Qe2 Rd6 31. g5 Qd5 32. Qf2 1/2-1/2

[Event "Reykjavik Open 2018"]
[Site "Reykjavik ISL"]
[Date "2018.03.07"]
[Round "3.103"]
[White "Kurt, Herbert"]
[Black "Davidsson, Stefan Orri"]
[Result "1-0"]
[WhiteElo "1682"]
[BlackElo "1365"]
[WhiteFideId "16232526"]
[BlackFideId "2311399"]
[EventDate "2018.03.06"]

1. Nf3 c5 2. g3 Nc6 3. Bg2 d5 4. d3 Bf5 5. O-O Nf6 6. Nbd2 e6 7. Re1 Bd6 8. e4
dxe4 9. dxe4 Bg4 10. c3 e5 11. h3 Bh5 12. Nc4 Bc7 13. Qc2 Qe7 14. Ne3 Bg6 15.
Nf5 Bxf5 16. exf5 O-O-O 17. a3 Qd7 18. g4 g6 19. Bg5 Qe7 20. b4 cxb4 21. axb4 h6
22. Bh4 g5 23. Bg3 h5 24. b5 Nd5 25. bxc6 f6 26. cxb7+ Kb8 27. Nd4 Qd6 28. Qa4
Bb6 29. Nc6+ Kc7 30. b8=Q+ Rxb8 31. Nxb8 Rxb8 32. Red1 Nxc3 33. Rxd6 Nxa4 34.
Rc6+ Kd7 35. Rxa4 1-0

[Event "Reykjavik Open 2018"]
[Site "Reykjavik ISL"]
[Date "2018.03.07"]
[Round "3.105"]
[White "Piovar, Jaroslav"]
[Black "Stefansson, Benedikt"]
[Result "0-1"]
[WhiteElo "1592"]
[BlackElo "1297"]
[WhiteFideId "14927004"]
[BlackFideId "2312379"]
[EventDate "2018.03.06"]

1. d4 Nf6 2. Bg5 Ne4 3. Bf4 g5 4. Bg3 Bg7 5. f3 Nxg3 6. hxg3 Nc6 7. e3 b6 8. Nc3
e6 9. g4 Bb7 10. a3 Qe7 11. Bd3 f5 12. gxf5 exf5 13. Qe2 Qf6 14. Nd5 Qd6 15. Nc3
O-O-O 16. O-O-O Rde8 17. Qd2 f4 18. Ne4 Qf8 19. exf4 gxf4 20. c3 Na5 21. Bc2
Bxe4 22. fxe4 Rxe4 23. Kb1 Re7 24. Rxh7 Rxh7 25. Bxh7 Bh6 26. Nf3 Rxh7 27. Qd3
Re7 28. Qa6+ Kb8 29. b4 Re3 30. Ne5 Qd6 31. bxa5 Rxe5 32. axb6 cxb6 33. Rh1 Ra5
34. Qc4 Qg6+ 35. Kc1 f3+ 36. Kd1 Qb1# 0-1

[Event "Reykjavik Open 2018"]
[Site "Reykjavik ISL"]
[Date "2018.03.07"]
[Round "3.107"]
[White "Halldorsson, Haukur"]
[Black "Gunnarsson, Baltasar Mani Wedhol"]
[Result "1/2-1/2"]
[WhiteElo "1569"]
[BlackElo "1270"]
[WhiteFideId "2305089"]
[BlackFideId "2311917"]
[EventDate "2018.03.06"]

1. Nf3 Nc6 2. d4 d5 3. g3 Nf6 4. Bg2 Bg4 5. Nbd2 e6 6. O-O Be7 7. Nb3 h6 8. c3
Bxf3 9. exf3 O-O 10. Re1 Re8 11. f4 Bf8 12. Nd2 Na5 13. b4 Nc6 14. a4 a6 15. Ba3
Qd7 16. Bf1 Na7 17. Qb3 c6 18. a5 Nc8 19. Bc1 Nd6 20. f3 Qc7 21. Bd3 Rec8 22.
Nf1 Nb5 23. Bd2 Nd6 24. Ne3 g6 25. Ng4 Nxg4 26. fxg4 Bg7 27. Qc2 Qd7 28. h3 Re8
29. Kg2 f5 30. gxf5 exf5 31. Rxe8+ Rxe8 32. Rf1 Ne4 33. Bxe4 Rxe4 34. Re1 Rxe1
35. Bxe1 Qe7 36. Bf2 Kf7 37. Kf3 Qe6 38. g4 Bh8 1/2-1/2

[Event "Reykjavik Open 2018"]
[Site "Reykjavik ISL"]
[Date "2018.03.07"]
[Round "3.108"]
[White "Mancini, Giustino"]
[Black "Signyjarson, Arnar Smari"]
[Result "1-0"]
[WhiteElo "1905"]
[BlackElo "1351"]
[WhiteFideId "806285"]
[BlackFideId "2316340"]
[EventDate "2018.03.06"]

1. e4 e5 2. Nf3 Nc6 3. Bb5 a6 4. Ba4 b5 5. Bb3 Nf6 6. O-O Bc5 7. Nxe5 Nxe5 8. d4
Bd6 9. dxe5 Bxe5 10. f4 Bd6 11. e5 Bc5+ 12. Kh1 Ne4 13. Qd5 O-O 14. Qxe4 Bb7 15.
Qd3 Qh4 16. Qg3 Qxg3 17. hxg3 a5 18. Nc3 Ra6 19. f5 Re8 20. Bf4 Rxe5 21. Rae1
Rxf5 22. Re8+ Bf8 23. Rd1 a4 24. Bd5 Bxd5 25. Rxd5 Rxd5 26. Nxd5 Re6 27. Nxc7
Rxe8 28. Nxe8 b4 29. Bd6 b3 30. cxb3 axb3 31. a4 Bxd6 32. Nxd6 Kf8 33. a5 Ke7
34. a6 Kxd6 35. a7 Ke5 36. a8=Q d5 37. Qb8+ Ke4 38. Qf4+ Kd3 39. Qf3+ Kd4 40.
Qxb3 Ke4 41. Qf3+ Kd4 42. Qxf7 1-0

[Event "Reykjavik Open 2018"]
[Site "Reykjavik ISL"]
[Date "2018.03.07"]
[Round "3.109"]
[White "Magnusson, Thorsteinn"]
[Black "Danielsson, Sigurdur"]
[Result "0-1"]
[WhiteElo "1435"]
[BlackElo "1791"]
[WhiteFideId "2310287"]
[BlackFideId "2301792"]
[EventDate "2018.03.06"]

1. d4 d5 2. Bf4 Nd7 3. e3 c5 4. c3 c4 5. Nd2 g6 6. b3 cxb3 7. axb3 Bg7 8. Bd3 e5
9. dxe5 Bxe5 10. Bxe5 Nxe5 11. Be2 Nf6 12. Ngf3 Qc7 13. Qc2 Bf5 14. Qc1 Nd3+ 15.
Bxd3 Bxd3 16. Nd4 a6 17. c4 Rc8 18. Ra4 Ne4 19. Nxe4 dxe4 20. Qc3 O-O 21. h4 h5
22. g4 Qe5 23. f4 exf3 24. Qxd3 Qg3+ 25. Kd1 Rfe8 26. gxh5 f2 27. Rf1 Rxe3 28.
Qd2 Rd3 0-1

[Event "Reykjavik Open 2018"]
[Site "Reykjavik ISL"]
[Date "2018.03.07"]
[Round "3.110"]
[White "Tummasarson, Flovin M."]
[Black "Einarsson, Oskar Long"]
[Result "0-1"]
[WhiteElo "1303"]
[BlackElo "1729"]
[WhiteFideId "7202431"]
[BlackFideId "2309220"]
[EventDate "2018.03.06"]

1. e4 e6 2. d4 d5 3. exd5 exd5 4. Nf3 Nf6 5. c4 Be7 6. Nc3 O-O 7. Be2 h6 8. O-O
Re8 9. h3 b6 10. Be3 Bb7 11. c5 Nc6 12. a3 a5 13. Rb1 Ba6 14. Bxa6 Rxa6 15. Qd3
Ra8 16. b4 axb4 17. axb4 Qd7 18. b5 Na5 19. Ne5 Qe6 20. c6 Bd6 21. Bf4 Nh5 22.
Bh2 f5 23. Kh1 Nf6 24. f3 Re7 25. Ng6 Rf7 26. Rbe1 Ne4 27. Bxd6 Qxd6 28. fxe4
dxe4 29. Nxe4 Qxg6 30. Nc3 Raf8 31. g4 Kh7 32. gxf5 Rxf5 33. Rg1 Qh5 34. Re7 Rf7
35. Rxf7 Qxf7 36. Rf1 g6 37. Rxf5 gxf5 38. d5 Qf6 39. Ne2 Qe5 40. Nd4 Qxd5+ 41.
Qf3 Qxd4 42. Qxf5+ Kg7 43. Qd7+ Qxd7 44. cxd7 Nb7 45. Kg2 Kf7 46. Kg3 Ke7 47.
Kg4 Kxd7 48. Kh5 Nd6 49. Kxh6 Nxb5 50. h4 Ke7 51. Kg7 c5 52. h5 c4 53. h6 Nd6
54. h7 Nf7 55. h8=Q Nxh8 0-1

[Event "Reykjavik Open 2018"]
[Site "Reykjavik ISL"]
[Date "2018.03.07"]
[Round "3.111"]
[White "Fjallheim, Benjamin Reinert"]
[Black "Gardarsson, Hordur"]
[Result "0-1"]
[WhiteElo "1293"]
[BlackElo "1647"]
[WhiteFideId "7202008"]
[BlackFideId "2303604"]
[EventDate "2018.03.06"]

1. e4 c5 2. Nf3 d6 3. d4 cxd4 4. Nxd4 Nf6 5. Nc3 a6 6. Be3 e6 7. f3 Nbd7 8. Qd2
Qc7 9. O-O-O Be7 10. Kb1 Nc5 11. g4 b5 12. h4 b4 13. Nce2 Rb8 14. b3 a5 15. h5
a4 16. g5 Nfd7 17. Ng3 Qa5 18. Nc6 Qc7 19. Nxb8 Qxb8 20. Bxc5 Nxc5 21. f4 Bb7
22. Qxb4 O-O 23. Bd3 Re8 24. Qc3 Bf8 25. Rh3 Rc8 26. Qd2 Qa7 27. f5 axb3 28.
cxb3 Ra8 29. Qc2 Bc6 30. Ka1 Rb8 31. Rb1 Ra8 32. g6 Nxd3 33. gxf7+ Kh8 34. Rf1
Qd4+ 35. Kb1 Nb4 36. Qc4 Qd2 37. a4 d5 38. Qe2 Qc3 39. Rf3 Qd4 40. fxe6 dxe4 41.
Re3 Nd5 42. Nf5 Qe5 43. Qc4 Ba3 44. Re2 Qxe6 45. Rxe4 Qxf5 46. Qxc6 Qxe4+ 47.
Ka2 Nb4+ 0-1

[Event "Reykjavik Open 2018"]
[Site "Reykjavik ISL"]
[Date "2018.03.07"]
[Round "3.112"]
[White "Thorisson, Benedikt"]
[Black "Lima, Steinar"]
[Result "0-1"]
[WhiteElo "1214"]
[BlackElo "1637"]
[WhiteFideId "2314576"]
[BlackFideId "1542290"]
[EventDate "2018.03.06"]

1. e4 e6 2. d4 d5 3. e5 c5 4. c3 Nc6 5. Nf3 Bd7 6. Be2 Nge7 7. Na3 cxd4 8. cxd4
Nf5 9. Nc2 Be7 10. O-O O-O 11. Bd2 Qb6 12. Bc3 Rac8 13. Qd2 f6 14. b3 fxe5 15.
Nxe5 Nxe5 16. dxe5 Qc7 17. Bb4 Qxc2 18. Qxc2 Rxc2 19. Bxe7 Nxe7 20. Bg4 Nf5 21.
Rfc1 Rfc8 22. Rd1 Ne7 23. h3 Kf7 24. g3 Rb2 25. Rd3 g6 26. Bd1 Bb5 27. Rf3+ Ke8
28. Rf6 Kd7 29. Bg4 Nf5 30. Rf7+ Ne7 31. Rf6 Rc6 32. Rf7 Rcc2 33. Rf6 Nf5 34.
Rf7+ Kc6 35. Rxh7 Rxf2 36. Rf7 Rg2+ 0-1

[Event "Reykjavik Open 2018"]
[Site "Reykjavik ISL"]
[Date "2018.03.07"]
[Round "3.113"]
[White "Hannesson, Sigurdur Orn"]
[Black "Mancini, Pietro"]
[Result "1/2-1/2"]
[WhiteElo "1623"]
[BlackElo "1020"]
[WhiteFideId "2316056"]
[BlackFideId "2854541"]
[EventDate "2018.03.06"]

1. d4 d5 2. c4 c6 3. cxd5 cxd5 4. Nf3 Nf6 5. Nc3 Bf5 6. e3 e6 7. Bb5+ Nbd7 8.
O-O a6 9. Be2 Bd6 10. Re1 O-O 11. Nh4 Bg6 12. g3 Rc8 13. Bd2 e5 14. Nxg6 fxg6
15. Bf3 e4 16. Bg2 Nb6 17. Rc1 Qd7 18. Rc2 Rc7 19. Qe2 Nc4 20. Nxe4 Nxe4 21.
Bxe4 Nxd2 22. Rxc7 Bxc7 23. Bxd5+ Qxd5 24. Qxd2 Ba5 25. b4 Bc7 26. Rc1 Bd6 27.
Rc2 g5 28. a3 g4 29. Qd3 b5 30. e4 Qf7 31. e5 Be7 32. Qe2 Qf5 33. d5 Rc8 34.
Rxc8+ Qxc8 35. d6 Bxd6 36. exd6 Qc1+ 37. Kg2 Qc6+ 38. f3 gxf3+ 39. Qxf3 Qxd6 40.
Qe3 Qc6+ 41. Kg1 Kf7 42. Qa7+ Kf8 43. Qb8+ Kf7 44. Qf4+ Qf6 45. Qxf6+ 1/2-1/2

[Event "Reykjavik Open 2018"]
[Site "Reykjavik ISL"]
[Date "2018.03.07"]
[Round "3.114"]
[White "Sigfusson, Ottar Orn Bergmann"]
[Black "Morgan, George"]
[Result "1/2-1/2"]
[WhiteElo "1100"]
[BlackElo "1536"]
[WhiteFideId "2313057"]
[BlackFideId "3227340"]
[EventDate "2018.03.06"]

1. d4 Nf6 2. c4 e6 3. Nf3 d5 4. e3 c5 5. Nc3 Nbd7 6. Qc2 g6 7. b3 Bg7 8. Bb2 O-O
9. Bd3 cxd4 10. exd4 dxc4 11. bxc4 a6 12. O-O-O Qa5 13. Qa4 Qxa4 14. Nxa4 b6 15.
Ne5 Nxe5 16. dxe5 Ng4 17. Rdf1 Bb7 18. f3 Nxe5 19. Bxe5 Bxe5 20. Nxb6 Rad8 21.
Rd1 Rd4 22. Bc2 Rfd8 23. Rxd4 Rxd4 24. Rd1 Rxd1+ 25. Kxd1 Bxh2 26. Kd2 h5 27.
Ba4 Bd6 28. Nd7 Bc8 29. Nb6 Bb7 30. Nd7 Bc7 31. c5 Bc8 32. Nb6 Bxb6 33. cxb6 Bb7
34. Kd3 Kf8 35. Kc4 Ke7 36. Kc5 Kd8 37. Bc6 Kc8 1/2-1/2

[Event "Reykjavik Open 2018"]
[Site "Reykjavik ISL"]
[Date "2018.03.08"]
[Round "4.1"]
[White "Vaibhav, Suri"]
[Black "Yilmaz, Mustafa"]
[Result "0-1"]
[WhiteTitle "GM"]
[BlackTitle "GM"]
[WhiteElo "2544"]
[BlackElo "2619"]
[WhiteFideId "5045185"]
[BlackFideId "6302718"]
[EventDate "2018.03.06"]

1. e4 c5 2. Nf3 d6 3. d4 cxd4 4. Nxd4 Nf6 5. Nc3 a6 6. Be2 e5 7. Nf3 Be7 8. Bg5
Be6 9. Bxf6 Bxf6 10. Qd2 Be7 11. Nd5 Nd7 12. Rd1 Rc8 13. c3 Rc6 14. O-O Nf6 15.
Qc2 Bxd5 16. exd5 Rc8 17. c4 O-O 18. b4 Re8 19. Qb3 Bf8 20. Rfe1 g6 21. Bf1 Bh6
22. g3 Nd7 23. a3 Bg7 24. h4 Bh6 25. c5 dxc5 26. d6 b5 27. bxc5 e4 28. Nh2 Nxc5
29. Qd5 Qd7 30. Bg2 Bg7 31. Ng4 h5 32. Ne3 Nd3 33. Bxe4 Nxe1 34. Rxe1 Re6 35.
Rd1 Rd8 36. Nf5 Bf8 37. Bb1 Rde8 38. Kh2 Re5 39. Ne7+ R8xe7 0-1

[Event "Reykjavik Open 2018"]
[Site "Reykjavik ISL"]
[Date "2018.03.08"]
[Round "4.2"]
[White "Rapport, Richard"]
[Black "Moradiabadi, Elshan"]
[Result "1/2-1/2"]
[WhiteTitle "GM"]
[BlackTitle "GM"]
[WhiteElo "2715"]
[BlackElo "2535"]
[WhiteFideId "738590"]
[BlackFideId "12501255"]
[EventDate "2018.03.06"]

1. d4 Nf6 2. c4 e6 3. g3 d5 4. Bg2 dxc4 5. Nf3 c5 6. O-O Nc6 7. dxc5 Qxd1 8.
Rxd1 Bxc5 9. Nbd2 c3 10. bxc3 O-O 11. Ne1 Bd7 12. Nd3 Be7 13. Bb2 Rac8 14. Nb3
b6 15. c4 Rfd8 16. c5 Be8 17. Rac1 bxc5 18. Ndxc5 Rxd1+ 19. Rxd1 Nb4 20. a3 Nbd5
21. Rc1 Nd7 22. Bxd5 exd5 23. Nxd7 Rxc1+ 24. Bxc1 Bxd7 25. Be3 a6 26. Bc5 Ba4
27. Bxe7 Bxb3 28. Bc5 Bc4 29. Kf1 f5 30. Ke1 Kf7 1/2-1/2

[Event "Reykjavik Open 2018"]
[Site "Reykjavik ISL"]
[Date "2018.03.08"]
[Round "4.3"]
[White "Eljanov, Pavel"]
[Black "Hjartarson, Johann"]
[Result "0-1"]
[WhiteTitle "GM"]
[BlackTitle "GM"]
[WhiteElo "2713"]
[BlackElo "2513"]
[WhiteFideId "14102951"]
[BlackFideId "2300044"]
[EventDate "2018.03.06"]

1. d4 Nf6 2. c4 g6 3. Nc3 Bg7 4. e4 d6 5. Nf3 O-O 6. Be2 e5 7. O-O Nc6 8. d5 Ne7
9. b4 a5 10. Ba3 Re8 11. bxa5 Rxa5 12. Bb4 Ra8 13. a4 c5 14. Ba3 Ra6 15. Nd2 Rf8
16. Bb2 Ne8 17. Nb5 f5 18. exf5 gxf5 19. f4 Ng6 20. fxe5 Nxe5 21. Ra3 Bd7 22.
Qa1 Qe7 23. Re1 Qh4 24. g3 Qh6 25. Nf3 Ng4 26. Bxg7 Nxg7 27. Bf1 f4 28. gxf4
Rxf4 29. Re7 Nf6 30. Nc7 Rb6 31. Re2 Rxc4 32. Ne6 Rc1 33. Qa2 Rb4 34. Rg2 Rg4
35. Rb3 Nxe6 36. dxe6 Bxe6 0-1

[Event "Reykjavik Open 2018"]
[Site "Reykjavik ISL"]
[Date "2018.03.08"]
[Round "4.5"]
[White "Nihal, Sarin"]
[Black "Adly, Ahmed"]
[Result "1-0"]
[WhiteTitle "IM"]
[BlackTitle "GM"]
[WhiteElo "2534"]
[BlackElo "2643"]
[WhiteFideId "25092340"]
[BlackFideId "10601619"]
[EventDate "2018.03.06"]

1. d4 d5 2. c4 e6 3. Nf3 Nf6 4. Nc3 Be7 5. Bf4 O-O 6. a3 b6 7. e3 Ba6 8. Nb5 Ne8
9. cxd5 Qxd5 10. Nc3 Qb7 11. Bxa6 Nxa6 12. O-O c5 13. Nb5 Rd8 14. Qa4 Bd6 15.
dxc5 Bxf4 16. c6 Qxc6 17. Qxa6 Bb8 18. Rac1 Qd5 19. Nbd4 Nf6 20. Nc6 Rd7 21. Qa4
b5 22. Qc2 Qd3 23. Nfd4 Qxc2 24. Rxc2 Rb7 25. Na5 Rb6 26. Ndc6 Re8 27. Rd1 Kf8
28. f3 Nd5 29. Kf2 f5 30. Nxb8 Rbxb8 31. Nc6 Rb7 32. Nd4 Nf6 33. b4 Rb6 34. Rdc1
e5 35. Nxf5 Ra6 36. e4 Rxa3 37. Nd6 Rd8 38. Nxb5 Ra4 39. Rc8 Ke7 40. R1c7+ Nd7
41. Rxd8 Kxd8 42. Rxa7 Rxb4 43. Nc3 Rb2+ 44. Kg3 Ke7 45. Ra2 Rxa2 46. Nxa2 Nc5
47. Nb4 Kd6 48. h4 Ne6 49. Nd3 Nf8 50. Kg4 Ke6 51. h5 Nd7 52. Kg5 Nb6 53. h6 g6
54. f4 Nc4 55. fxe5 Kf7 56. Kf4 Ke7 57. Nf2 g5+ 58. Kxg5 Nxe5 59. Ng4 Nf7+ 60.
Kf4 Ke6 61. e5 Nh8 62. Nf6 Ng6+ 63. Kg5 Nxe5 64. Nxh7 Kf7 65. Kf5 Nc4 66. Ng5+
Kg8 67. Kf6 Ne3 68. h7+ 1-0

[Event "Reykjavik Open 2018"]
[Site "Reykjavik ISL"]
[Date "2018.03.08"]
[Round "4.6"]
[White "Cornette, Matthieu"]
[Black "Christiansen, Johan-Sebastian"]
[Result "1/2-1/2"]
[WhiteTitle "GM"]
[BlackTitle "IM"]
[WhiteElo "2620"]
[BlackElo "2486"]
[WhiteFideId "620084"]
[BlackFideId "1512668"]
[EventDate "2018.03.06"]

1. d4 d5 2. Nf3 Nf6 3. c4 e6 4. g3 dxc4 5. Bg2 Bd7 6. Ne5 Bc6 7. Nxc6 Nxc6 8.
O-O Qd7 9. e3 Rd8 10. Qc2 e5 11. dxe5 Nxe5 12. Nd2 b5 13. a4 a6 14. axb5 axb5
15. b3 Qd3 16. Qxd3 Nxd3 17. Bc6+ Ke7 18. Nf3 cxb3 19. Rb1 b4 20. Rxb3 Ng4 21.
Nd4 Nxc1 22. Rxc1 Kf6 23. Nb5 Rd2 24. Nxc7 Nxf2 25. Rf1 Ke5 26. Rxf2 Rxf2 27.
Kxf2 Kd6 28. Rxb4 Kxc7 29. Rc4 Bd6 30. Bd5+ Kd7 1/2-1/2